Catálogo
 En Linea

Salvoconducto / (Registro nro. 18339)

Detalles MARC
000 -CABECERA
campo de control de longitud fija 00576nam a2200205 a 4500
001 - NÚMERO DE CONTROL
campo de control 000018819
005 - FECHA Y HORA DE LA ÚLTIMA TRANSACCIÓN
campo de control 20200929165849.0
008 - DATOS DE LONGITUD FIJA--INFORMACIÓN GENERAL
campo de control de longitud fija 100519s1996 ve r 001 p spa d
020 ## - NÚMERO INTERNACIONAL ESTÁNDAR DEL LIBRO
Número Internacional Estándar del Libro 980325121X
040 ## - FUENTE DE LA CATALOGACIÓN
Centro catalogador/agencia de origen DO-SdBNP
Lengua de catalogación spa
Centro/agencia transcriptor BNPHU
082 ## - NÚMERO DE LA CLASIFICACIÓN DECIMAL DEWEY
Número de clasificación V861.44
Número de documento/Ítem J25s
049 ## - FONDOS LOCALES (OCLC)
Fondos de biblioteca BNGR
100 1# - ENTRADA PRINCIPAL--NOMBRE DE PERSONA
Nombre de persona Jaimes, Héctor
Fechas asociadas al nombre 1964-
9 (RLIN) 40573
245 10 - MENCIÓN DE TÍTULO
Título Salvoconducto /
Mención de responsabilidad, etc. Héctor Jaimes.
260 ## - PUBLICACIÓN, DISTRIBUCIÓN, ETC.
Lugar de publicación, distribución, etc. Caracas :
Nombre del editor, distribuidor, etc. Fondo Editorial Tropykos,
Fecha de publicación, distribución, etc. 1996.
300 ## - DESCRIPCIÓN FÍSICA
Extensión 74 [2] p. ;
Dimensiones 19 cm.
490 1# - MENCIÓN DE SERIE
Mención de serie Paria
Designación de volumen o secuencia 11
650 #4 - PUNTO DE ACCESO ADICIONAL DE MATERIA--TÉRMINO DE MATERIA
Término de materia o nombre geográfico como elemento de entrada Poesía venezolana
9 (RLIN) 4230
650 #4 - PUNTO DE ACCESO ADICIONAL DE MATERIA--TÉRMINO DE MATERIA
Término de materia o nombre geográfico como elemento de entrada Literatura venezolana
9 (RLIN) 3816
Existencias
Estado de retiro Estado de pérdida Restricciones de uso No para préstamo Código de colección Localización permanente Ubicación/localización actual Ubicación en estantería Fecha de adquisición Número de inventario Total de préstamos Signatura topográfica completa Código de barras Fecha visto por última vez Precio válido a partir de Tipo de ítem Koha Número de copia
      Excluido de préstamo Monografías: Libros y Folletos General General Depósito 19.05.2010 LF1   V861.44 J25s 18819-10 25.06.2020 25.06.2020 No se presta  
      Excluido de préstamo Monografías: Libros y Folletos General General Depósito 05.04.2017 LF1   V861.44 J25s 18819-20 25.06.2020 25.06.2020 No se presta e. 2

Con tecnología Koha